00622 2200229 4500001002100000005001500021035002000036007000300056008004100059020001800100082001100118084001800129100002100147245007500168260003200243300003500275650002000310700001300330520002500343990001200368990001200380INLIS00000000000193820180502115907 a0010-0518000008ta180502 g 0 ind  a9786023754861 a153.93 a153.93 SUG t0 aSUGI, Siswiyanti1 aTaktik Jitu Lolos Psikotes Gambar /cSugi Siswiyanti; editor, Hadianto aJakarta :bGrasindo,c[s.a] aviii, 143 hlm :bilus ;c26 cm aTES INTELEJENSI0 aHADIANTO abibliografi: hlm.143 a16471 a a16471 b